[Event "Championnat de France des Jeunes - Pupil"]
[Site "LA ROCHE SUR YON"]
[Date "2008.04.24"]
[Round "6.5"]
[White "Gautier, Clement"]
[Black "Grundman, Anatole"]
[Result "1-0"]
[WhiteElo "1811"]
[BlackElo "1764"]
[PlyCount "58"]

1. e4 c5 2. Nc3 d6 3. g3 Nc6 4. Bg2 g6 5. d3 Bg7 6. Be3 e6 7. Qd2 Nge7 8. Bh6
O-O 9. h4 f5 10. h5 Qe8 11. Bf3 Nd4 12. hxg6 Nxf3+ 13. Nxf3 Qxg6 14. Bxg7 Kxg7
15. O-O-O Bd7 16. Rh2 Ng8 17. Rdh1 h6 18. e5 Bc6 19. Nh4 Qh7 20. Re1 d5 21. Ne2
Kf7 22. Nf4 b5 23. g4 fxg4 24. Nfg6 Rfe8 25. Qf4+ Kg7 26. Qxg4 Kf7 27. Qf4+ Kg7
28. Rg1 d4 29. Nf8+ Kh8 1-0

[Event "Championnat de France des Jeunes - Pupillettes"]
[Site "LA ROCHE SUR YON"]
[Date ""]
[Round "6.1"]
[White "Bellaiche, Elise"]
[Black "Navrotescu, Andreea-Cristiana"]
[Result "0-1"]
[WhiteElo "1714"]
[BlackElo "1723"]
[Annotator ""]

1. e4 c5 2. c3 Nf6 3. e5 Nd5 4. d4 cxd4 5. Nf3 d6 6. exd6 exd6 7. Nxd4
Nf6 8. Nd2 Be7 9. Bd3 O-O 10. N2f3 Nc6 11. Bf4 Bg4 12. Qc2 Rc8 13. Qd2
d5 14. O-O Qb6 15. Rfe1 Bc5 16. h3 Bxf3 17. Nxf3 Rfe8 18. Bf5 Rcd8 19.
Bg5 Ne7 20. Bd3 d4 21. cxd4 Bb4 22. Qc2 Bxe1 23. Rxe1 Ned5 24. Rxe8+
Rxe8 25. a3 h6 26. Bh4 Nf4 27. Bc4 Qc6 28. Qb3 Re7 29. Bg3 Nxh3+ 30.
Kh2 Ng5 31. Ne5 Qb6 32. Qxb6 axb6 33. f4 Nge4 34. Bh4 Rc7 35. Ba2 Kf8
36. Be1 h5 37. Bb4+ Ke8 38. Nc4 Rd7 39. Ne5 Ng4+ 40. Kh3 Nxe5 41. dxe5
Nc5 42. Bc4 Rd4 43. Bb5+ Ke7 44. Kg3 Ke6 45. Be2 g6 46. Kf3 Kf5 47. g3
Na4 48. Bb5 Nc5 49. Be2 g5 50. Bc3 Rd8 51. Ke3 gxf4+ 52. gxf4 h4 53.
Kf3 Ne4 54. Bb4 h3 55. Bf1 h2 56. Bh3+ Kg6 57. f5+ Kg7 58. Bg2 Ng5+
59. Kf4 Nh3+ 60. Bxh3 h1Q 61. f6+ Kg8 0-1

[Event "Championnat de France des Jeunes - Pupil"]
[Site "LA ROCHE SUR YON"]
[Date "2008.04.24"]
[Round "6.2"]
[White "Massard, Aurelie"]
[Black "Rigolot, Lucie"]
[Result "1-0"]
[WhiteElo "1630"]
[BlackElo "1723"]
[PlyCount "93"]

1. e4 c5 2. Nc3 a6 3. f4 d6 4. Nf3 b5 5. d4 cxd4 6. Nxd4 Nd7 7. Be2 Bb7 8. O-O
b4 9. Nd5 e6 10. Ne3 Bxe4 11. Bf3 Ngf6 12. Bxe4 Nxe4 13. Qf3 Ndf6 14. Ng4 Rc8
15. Be3 d5 16. Rad1 Bc5 17. f5 O-O 18. fxe6 Bxd4 19. exf7+ Rxf7 20. Bxd4 Ng5
21. Nxf6+ Rxf6 22. Qg4 Rg6 23. Qf5 Rcc6 24. h4 Ne6 25. Rde1 Rf6 26. Bxf6 Qb6+
27. Kh1 gxf6 28. Qxf6 Qc7 29. Rxe6 Qc8 30. Rxc6 Qe8 31. Qf8+ Qxf8 32. Rxf8+
Kxf8 33. Rxa6 Kg7 34. Kh2 h6 35. Kg3 d4 36. Kf4 d3 37. cxd3 b3 38. a3 h5 39.
Kf5 Kh7 40. Kg5 Kg7 41. Ra7+ Kf8 42. Kf6 Ke8 43. Rh7 Kd8 44. Ke6 Kc8 45. Kd6
Kb8 46. Kc6 Ka8 47. Kb6 1-0

[Event "Championnat de France des Jeunes - Pupil"]
[Site "LA ROCHE SUR YON"]
[Date "2008.04.24"]
[Round "6.3"]
[White "Bertrand, Meryl"]
[Black "Bekhouche, Marion"]
[Result "0-1"]
[WhiteElo "1610"]
[BlackElo "1697"]
[PlyCount "126"]

1. e4 e6 2. c4 c6 3. d4 d5 4. cxd5 exd5 5. exd5 cxd5 6. Nc3 Nc6 7. Nf3 Be7 8.
Be3 Bf6 9. Bb5 Nge7 10. O-O O-O 11. Bg5 Bxg5 12. Nxg5 Nf5 13. Nf3 Be6 14. Rc1
Qb6 15. Bxc6 bxc6 16. b3 f6 17. Na4 Qc7 18. Nc5 Bf7 19. Re1 Rfe8 20. Rxe8+ Rxe8
21. Qc2 Bg6 22. Qc3 Bh5 23. Re1 Rxe1+ 24. Qxe1 Qe7 25. Qxe7 Nxe7 26. Ne1 Nf5
27. Ne6 Bf7 28. Nd8 Nxd4 29. f3 Kf8 30. Kf2 Ke7 31. Nb7 Ne6 32. Ke3 Bg6 33. b4
a6 34. Nc5 Nxc5 35. bxc5 h5 36. f4 Be4 37. a4 a5 38. g3 Ke6 39. Nf3 Bxf3 40.
Kxf3 Kf5 41. h3 g5 42. g4+ hxg4+ 43. hxg4+ Ke6 44. Ke3 gxf4+ 45. Kxf4 d4 46.
Ke4 d3 47. Kxd3 Kd5 48. Ke3 Kxc5 49. Ke4 Kd6 50. Kf5 c5 51. Kxf6 c4 52. g5 c3
53. g6 c2 54. g7 c1=Q 55. g8=Q Qf4+ 56. Kg7 Qg5+ 57. Kf7 Qxg8+ 58. Kxg8 Kc5 59.
Kf7 Kb4 60. Ke6 Kxa4 61. Kd5 Kb3 62. Kd4 a4 63. Kd3 a3 0-1

[Event "Championnat de France des Jeunes - Pupil"]
[Site "LA ROCHE SUR YON"]
[Date "2008.04.24"]
[Round "6.4"]
[White "Fischer, Julie"]
[Black "Legrand, Claire"]
[Result "1-0"]
[WhiteElo "1671"]
[BlackElo "1530"]
[PlyCount "33"]

1. e4 d5 2. exd5 Nf6 3. d4 Bg4 4. Be2 Bxe2 5. Qxe2 Qxd5 6. Nf3 e6 7. O-O Nc6 8.
c4 Qh5 9. d5 Nd8 10. Nc3 Bd6 11. Nb5 Bxh2+ 12. Kh1 Ng4 13. Be3 O-O 14. Qd3 Ne5
15. Qe4 Nxf3 16. Qxf3 Bg3+ 17. Qxh5 1-0

[Event "Championnat de France des Jeunes - Pupil"]
[Site "LA ROCHE SUR YON"]
[Date "2008.04.24"]
[Round "6.5"]
[White "Lefevre, Lucie"]
[Black "Pouillart, Cecile"]
[Result "1-0"]
[WhiteElo "1540"]
[BlackElo "1640"]
[PlyCount "135"]

1. e4 e5 2. Nf3 Nc6 3. Bb5 a6 4. Ba4 d6 5. c3 Bd7 6. O-O Nf6 7. Re1 Be7 8. d4
exd4 9. cxd4 d5 10. e5 Ne4 11. Bc2 O-O 12. Bxe4 dxe4 13. Rxe4 Be6 14. Nc3 Bd5
15. Nxd5 Qxd5 16. Re3 Bc5 17. Rd3 Rad8 18. Be3 Rfe8 19. Ne1 Nxd4 20. Bxd4 Bxd4
21. Rc1 c5 22. b3 b5 23. Kf1 Qxe5 24. Nf3 Qf6 25. b4 Bb2 26. Rxc5 Rxd3 27. Qxd3
Qe6 28. Rc2 Bf6 29. Re2 Qxe2+ 30. Qxe2 Rxe2 31. Kxe2 Bc3 32. a3 Bb2 33. Ne1 Be5
34. h3 Bd6 35. Kd3 Kf8 36. Kd4 Ke7 37. Kd5 Kd7 38. f3 Kc7 39. Nc2 Be7 40. Nd4
Kb6 41. g4 Bf6 42. f4 Kc7 43. g5 Bxd4 44. Kxd4 Kd6 45. Ke4 Ke6 46. f5+ Kd6 47.
Kd4 g6 48. f6 Kc6 49. Ke5 Kd7 50. Kd5 Kc7 51. Kc5 Kd7 52. Kb6 Ke6 53. Kxa6 Kf5
54. Kxb5 Kxg5 55. a4 Kxf6 56. a5 Kg5 57. a6 f5 58. a7 f4 59. a8=Q Kh4 60. Qg2
h5 61. Qxg6 f3 62. Qg1 Kxh3 63. Qf2 Kg4 64. Kc4 h4 65. Kd3 h3 66. Ke3 Kg5 67.
Kxf3 h2 68. Qxh2 1-0

[Event "Championnat de France des Jeunes - Juniors  "]
[Site "LA ROCHE SUR YON"]
[Date ""]
[Round "7.1"]
[White "Genzling, Alain"]
[Black "Congiu, Mathilde"]
[Result "1-0"]
[WhiteElo "2281"]
[BlackElo "2190"]
[Annotator ""]

1. e4 e5 2. Nf3 Nc6 3. Bb5 a6 4. Ba4 Nf6 5. O-O Bc5 6. c3 b5 7. Bb3 d6
8. a4 Bg4 9. h3 Bxf3 10. Qxf3 Na5 11. Bc2 b4 12. Qd1 O-O 13. d4 Bb6
14. Bg5 h6 15. Bh4 exd4 16. cxd4 b3 17. Bxb3 Nxb3 18. Qxb3 g5 19. e5
gxh4 20. exf6 Bxd4 21. Nc3 Bxf6 22. Nd5 c6 23. Nxf6+ Qxf6 24. Qb6 c5
25. Rfd1 Rfd8 26. Ra3 Rab8 27. Qxa6 Rxb2 28. Rf3 Qg6 29. Qc6 Kh8 30.
Rf4 h5 31. Qd5 Kg7 32. Qf3 Rb4 33. Qc3+ Kh7 34. Rxb4 Rg8 35. Qf3 cxb4
36. Rd5 Kg7 37. Rxh5 Rh8 38. Rb5 Qb1+ 39. Kh2 Rh6 40. Qg4+ Rg6 41.
Qd4+ Kf8 42. Rb8+ Ke7 43. Qxh4+ Ke6 44. Rxb4 Qf1 45. Qe4+ Kf6 46. Qf3+
Kg7 47. Rf4 f6 48. Qb7+ Kg8 49. Qc8+ Kf7 50. Qd7+ Kg8 51. g3 Qd3 52.
Qe8+ Kg7 53. Re4 Qf3 54. Qe7+ Kg8 55. Rf4 Qc3 56. Qxd6 Qa1 1-0

[Event "Championnat de France des Jeunes - Junio"]
[Site "LA ROCHE SUR YON"]
[Date "????.??.??"]
[Round "7.2"]
[White "Achereiner, Guillaume"]
[Black "Forgues, Fabien"]
[Result "0-1"]
[WhiteElo "1991"]
[BlackElo "2162"]
[PlyCount "74"]

1. e4 e5 2. Nf3 Nc6 3. Bc4 Nf6 4. d3 Bc5 5. c3 d6 6. Nbd2 a6 7. Bb3 Be6 8. h3
h6 9. Nf1 Qd7 10. Ng3 O-O-O 11. Bxe6 fxe6 12. b4 Ba7 13. Be3 Bxe3 14. fxe3 g5
15. Nh2 h5 16. Rf1 Qe7 17. a3 g4 18. hxg4 hxg4 19. Rh1 Rh4 20. Nhf1 Nh5 21. Kd2
Rxh1 22. Nxh1 Qh4 23. Nfg3 Nxg3 24. Qe1 Qxh1 25. Qxh1 Nxh1 26. Rxh1 Rf8 27. Ke1
Kd7 28. Rh4 Rg8 29. Kf2 Ne7 30. Kg3 Ke8 31. Rxg4 Rxg4+ 32. Kxg4 Kf7 33. Kg5 Kg7
34. c4 c5 35. b5 a5 36. g3 Ng8 37. g4 Nf6 0-1

[Event "Championnat de France des Jeunes - Junio"]
[Site "LA ROCHE SUR YON"]
[Date "????.??.??"]
[Round "7.3"]
[White "Vernay, Clovis"]
[Black "Ryan, Martin"]
[Result "1-0"]
[WhiteElo "2348"]
[BlackElo "2058"]
[PlyCount "61"]

1. d4 Nf6 2. c4 e6 3. Nc3 d5 4. cxd5 exd5 5. Bg5 Nbd7 6. e3 c6 7. Bd3 Be7 8.
Nge2 O-O 9. O-O Re8 10. Qc2 Nf8 11. f3 Nh5 12. Bxe7 Rxe7 13. e4 dxe4 14. fxe4
Ne6 15. d5 Nc5 16. Rad1 Bg4 17. Bc4 Nf6 18. Rxf6 gxf6 19. dxc6 Qa5 20. Nd5 Re6
21. b4 Qa3 22. bxc5 Qxc5+ 23. Kh1 Qxc6 24. h3 Rc8 25. hxg4 Qxc4 26. Qxc4 Rxc4
27. Ng3 Kf8 28. Nf4 Rec6 29. Rd7 Rb4 30. Rd8+ Ke7 31. Rd2 1-0

[Event "Championnat de France des Jeunes - Junio"]
[Site "LA ROCHE SUR YON"]
[Date "????.??.??"]
[Round "7.4"]
[White "Mania, Clement"]
[Black "Bailet, Pierre"]
[Result "0-1"]
[WhiteElo "1956"]
[BlackElo "2250"]
[PlyCount "48"]

1. e4 c5 2. c3 d6 3. d4 Nf6 4. Bd3 g6 5. dxc5 dxc5 6. e5 c4 7. Qa4+ Bd7 8. Qxc4
Ng4 9. Nf3 Nc6 10. Bf4 Bg7 11. Be4 O-O 12. O-O Ngxe5 13. Nxe5 Nxe5 14. Qe2 Qb6
15. Na3 Be6 16. Bxb7 Qxb7 17. Bxe5 Bxe5 18. Qxe5 Qxb2 19. Nb5 Bxa2 20. Nc7 Rac8
21. Rxa2 Qxa2 22. Nd5 f6 23. Qe6+ Kh8 24. Rd1 Qb3 0-1

[Event "Championnat de France des Jeunes - Junio"]
[Site "LA ROCHE SUR YON"]
[Date "????.??.??"]
[Round "7.5"]
[White "Lambert, Hugues"]
[Black "Soyez, Cyril"]
[Result "0-1"]
[WhiteElo "1925"]
[BlackElo "2244"]
[PlyCount "106"]

1. e4 c5 2. Nf3 g6 3. d4 cxd4 4. Nxd4 Bg7 5. Nc3 Nc6 6. Be3 d6 7. Qd2 Nf6 8. f3
O-O 9. Bc4 Bd7 10. O-O-O Qa5 11. h4 Ne5 12. Bb3 Rfc8 13. Kb1 Nc4 14. Bxc4 Rxc4
15. Nb3 Qc7 16. g4 Be6 17. h5 a5 18. hxg6 fxg6 19. Nd4 Bf7 20. Ndb5 Qc6 21. Bh6
Bh8 22. Bg5 a4 23. Na3 Rb4 24. e5 dxe5 25. Bxf6 Bxf6 26. g5 Bxg5 27. Qd3 Bf6
28. Ne4 Rd4 29. Qe3 Rxd1+ 30. Rxd1 b5 31. Nxf6+ exf6 32. c3 Qe6 33. Nc2 Qxa2+
34. Kc1 a3 35. Nxa3 Qa1+ 36. Nb1 Ba2 37. Qe4 Qxb1+ 38. Qxb1 Bxb1 39. Kxb1 h5
40. Kc2 h4 41. Rg1 Kf7 42. Kd3 g5 43. Rg2 Kg6 44. Ke4 Ra4+ 45. Kd5 Rf4 46. Kc5
Rxf3 47. Kxb5 h3 48. Rh2 g4 49. c4 Rg3 50. b4 Rg2 51. Rh1 h2 52. c5 g3 53. c6
Rc2 0-1

[Event "Championnat de France des Jeunes - Junio"]
[Site "LA ROCHE SUR YON"]
[Date "????.??.??"]
[Round "7.1"]
[White "Swiercz, Sarah"]
[Black "Dolz, Elisabeth"]
[Result "0-1"]
[WhiteElo "1420"]
[BlackElo "1710"]
[PlyCount "114"]

1. e4 e5 2. Nf3 Nc6 3. Bc4 Bc5 4. c3 Nf6 5. d3 d6 6. h3 O-O 7. a4 a5 8. O-O h6
9. Nbd2 Nh5 10. Nh2 Ng3 11. Re1 Qf6 12. Qf3 Nh5 13. Qxf6 Nxf6 14. Ndf3 Be6 15.
Bxe6 fxe6 16. Be3 Nh5 17. Bxc5 dxc5 18. Ng4 Nf4 19. Ngxe5 Nxe5 20. Nxe5 Rad8
21. Rad1 c6 22. d4 cxd4 23. cxd4 h5 24. g3 Nxh3+ 25. Kg2 Nxf2 26. Rd2 Ng4 27.
Ng6 Rf6 28. Nf4 e5 29. Nxh5 Rh6 30. Kh3 Rxd4 31. Rxd4 Nf2+ 32. Kg2 exd4 33.
Kxf2 Rxh5 34. e5 Rh2+ 35. Kf3 Rxb2 36. Ke4 Rb4 37. Ra1 Kf7 38. Kf5 g6+ 39. Kg5
d3 40. Rd1 Rd4 41. Kh6 d2 42. g4 Rxg4 43. Rxd2 Rh4+ 44. Kg5 Rh5+ 45. Kf4 Rh4+
46. Kg5 Rxa4 47. Rd7+ Ke6 48. Rxb7 Kxe5 49. Re7+ Kd5 50. Kxg6 c5 51. Kf5 Kc4
52. Re4+ Kb3 53. Rxa4 Kxa4 54. Ke4 Kb3 55. Kd3 Kb2 56. Kc4 a4 57. Kxc5 a3 0-1

[Event "Championnat de France des Jeunes - Junio"]
[Site "LA ROCHE SUR YON"]
[Date "????.??.??"]
[Round "7.2"]
[White "Vidal, Marguerite"]
[Black "Huisman, Camille"]
[Result "0-1"]
[WhiteElo "1380"]
[BlackElo "1613"]
[PlyCount "38"]

1. e4 e5 2. Nf3 Nc6 3. d4 exd4 4. Nxd4 Nf6 5. Nc3 Bb4 6. Nxc6 bxc6 7. Bd2 O-O
8. Bd3 Re8 9. Qf3 d5 10. Bg5 dxe4 11. Bxe4 Bxc3+ 12. bxc3 Qd5 13. O-O Nxe4 14.
Bf4 Nf6 15. Qd3 Qxd3 16. cxd3 Nd5 17. Rfe1 Bf5 18. Re5 Bxd3 19. Rae1 Rxe5 0-1

[Event "Championnat de France des Jeunes - Junio"]
[Site "LA ROCHE SUR YON"]
[Date "????.??.??"]
[Round "7.3"]
[White "Cwiek, Perrine"]
[Black "Magnin, Segolene"]
[Result "1/2-1/2"]
[WhiteElo "1730"]
[BlackElo "1799"]
[PlyCount "49"]

1. e4 e6 2. d4 c5 3. Nf3 cxd4 4. Nxd4 Nc6 5. Nb5 d6 6. c4 a6 7. N5c3 Nf6 8. Be3
Be7 9. Be2 Bd7 10. Nd2 Ne5 11. O-O Bc6 12. f4 Ng6 13. Qe1 Qc7 14. Qf2 Nd7 15.
Nf3 Bf6 16. Nd4 Bxd4 17. Bxd4 f6 18. f5 exf5 19. Qxf5 O-O 20. Bh5 Nde5 21. Qe6+
Kh8 22. Nd5 Qd7 23. Qxd7 Nxd7 24. Rad1 Rae8 25. Rfe1 1/2-1/2

[Event "Championnat de France des Jeunes - Junio"]
[Site "LA ROCHE SUR YON"]
[Date "????.??.??"]
[Round "7.5"]
[White "Mehiaoui, Dounia"]
[Black "Bismuth, Lea"]
[Result "1/2-1/2"]
[WhiteElo "1855"]
[BlackElo "1930"]
[PlyCount "63"]

1. e4 e5 2. d4 exd4 3. Qxd4 Nc6 4. Qe3 Nf6 5. e5 Nd5 6. Qe4 Nb6 7. Nf3 Bb4+ 8.
c3 Be7 9. Bd3 d5 10. exd6 cxd6 11. O-O d5 12. Qe2 Bg4 13. h3 Bh5 14. Bf4 O-O
15. Nbd2 Re8 16. Rfe1 Na4 17. Nf1 Bf6 18. Qc2 Bxf3 19. Qxa4 Bh5 20. Ng3 Bg6 21.
Bxg6 hxg6 22. Qb5 Qd7 23. Rxe8+ Rxe8 24. Rd1 d4 25. Ne2 g5 26. Bg3 a6 27. Qd3
g4 28. hxg4 Qxg4 29. f3 Qg5 30. Bf4 Qd5 31. Nxd4 Nxd4 32. cxd4 1/2-1/2

[Event "Championnat de France des Jeunes - Cadets"]
[Site "LA ROCHE SUR YON"]
[Date ""]
[Round "7.1"]
[White "Guilleux, Fabien"]
[Black "Fougerit, Valentin"]
[Result "1-0"]
[WhiteElo "2391"]
[BlackElo "2208"]
[Annotator ""]

1. c4 e5 2. a3 Nf6 3. Nc3 Be7 4. Nf3 d6 5. g3 O-O 6. Bg2 c6 7. O-O Be6
8. d3 h6 9. b4 Nbd7 10. Rb1 d5 11. cxd5 cxd5 12. d4 e4 13. Nd2 Rc8 14.
Bb2 Nb6 15. f3 exf3 16. exf3 Nc4 17. Nxc4 dxc4 18. Rc1 Nd5 19. Re1
Nxc3 20. Bxc3 b5 21. a4 a6 22. axb5 axb5 23. Qc2 Qd7 24. Qe4 Rfe8 25.
f4 Bf5 26. Qb7 Qd6 27. Qxb5 Bd3 28. Ra1 Rb8 29. Qc6 Kf8 30. b5 Rec8
31. Qxd6 Bxd6 32. Ra6 Be7 33. b6 Rd8 34. b7 Bd6 35. Rxd6 1-0

[Event "Championnat de France des Jeunes - Cadet"]
[Site "LA ROCHE SUR YON"]
[Date "2008.04.25"]
[Round "7.2"]
[White "Migot, Tanguy"]
[Black "Stephan, Victor"]
[Result "1/2-1/2"]
[WhiteElo "2023"]
[BlackElo "2094"]
[PlyCount "45"]

1. e4 c5 2. Nf3 d6 3. d4 Nf6 4. Nc3 cxd4 5. Nxd4 a6 6. Bc4 e6 7. Bb3 b5 8. Bg5
Be7 9. Qf3 Qc7 10. e5 dxe5 11. Ndxb5 axb5 12. Qxa8 Bd7 13. Qf3 Bc6 14. Qe2 b4
15. Bxf6 gxf6 16. Ne4 f5 17. Ng3 e4 18. Rd1 Qe5 19. h4 f4 20. Ba4 O-O 21. Bxc6
fxg3 22. Bxe4 gxf2+ 23. Kf1 {suite illisible} 1/2-1/2

[Event "Championnat de France des Jeunes - Cadet"]
[Site "LA ROCHE SUR YON"]
[Date "2008.04.25"]
[Round "7.3"]
[White "Nockels, Nicolas"]
[Black "Jouneau, Quentin"]
[Result "1-0"]
[WhiteElo "1968"]
[BlackElo "1977"]
[PlyCount "57"]

1. e4 e5 2. Nf3 Nc6 3. Bc4 Bc5 4. c3 Nf6 5. d4 exd4 6. O-O d3 7. Qxd3 d6 8. Bg5
O-O 9. Nbd2 Ne5 10. Nxe5 dxe5 11. Qe2 Bg4 12. Nf3 h6 13. Rad1 Qe8 14. Bxf6 gxf6
15. h3 Bh5 16. g4 Bg6 17. Nh4 Kh7 18. Kh1 Bd6 19. Bd5 Rb8 20. Qf3 Be7 21. Rg1
Qa4 22. Nf5 Bc5 23. Bb3 Qc6 24. h4 Rh8 25. Rg2 Rbd8 26. Rd5 Qe8 27. Nxh6 Qe7
28. Nf5 Bxf5 29. gxf5 1-0

[Event "Championnat de France des Jeunes - Cadet"]
[Site "LA ROCHE SUR YON"]
[Date "2008.04.25"]
[Round "7.4"]
[White "Li, Frederic"]
[Black "Delorme, Axel"]
[Result "0-1"]
[WhiteElo "2176"]
[BlackElo "2377"]
[PlyCount "92"]

1. Nf3 d5 2. c4 c6 3. d4 Nf6 4. Nc3 a6 5. e3 e6 6. Qc2 c5 7. cxd5 exd5 8. Be2
Nc6 9. O-O Be6 10. dxc5 Bxc5 11. a3 Rc8 12. b4 Ba7 13. Bb2 O-O 14. Rad1 Qe7 15.
Qb1 Rfd8 16. Qa1 Ng4 17. h3 Nxf2 18. Kxf2 d4 19. Nb1 Bb3 20. Rxd4 Re8 21. Rd3
Bxe3+ 22. Ke1 Bc4 23. Ne5 Nxe5 24. Bxe5 Bxd3 25. Bxd3 Rc1+ 26. Ke2 Rxf1 27.
Kxf1 Qxe5 28. Qxe5 Rxe5 29. Be2 a5 30. Bf3 axb4 31. Bxb7 b3 32. Ke2 Bc5+ 33.
Kd2 f5 34. Bf3 Re3 35. Bd5+ Kf8 36. a4 f4 37. Bc4 g5 38. Kd1 Bb4 39. Nd2 b2 40.
Nb1 Bc3 41. Kc2 h5 42. a5 Bxa5 43. Kxb2 g4 44. hxg4 hxg4 45. Kc2 f3 46. gxf3
Rxf3 0-1

[Event "Championnat de France des Jeunes - Cadet"]
[Site "LA ROCHE SUR YON"]
[Date "2008.04.25"]
[Round "7.5"]
[White "Lepigoche, Cyril"]
[Black "Blum, Nicolas"]
[Result "0-1"]
[WhiteElo "1879"]
[BlackElo "2180"]
[PlyCount "52"]

1. c4 e5 2. Nc3 Bb4 3. g3 Bxc3 4. bxc3 d6 5. Bg2 f5 6. e3 Nf6 7. d4 Qe7 8. Ba3
c5 9. Ne2 O-O 10. Rb1 Nc6 11. O-O Nd8 12. Qc2 Be6 13. d5 Bd7 14. Rb2 b6 15. e4
fxe4 16. Bxe4 Nxe4 17. Qxe4 Bf5 18. Qe3 Bh3 19. Re1 Nf7 20. Kh1 Nh6 21. f3 Bd7
22. Ng1 Qf7 23. Rg2 Qh5 24. Rf2 Nf5 25. g4 Nxe3 26. gxh5 Nxc4 {suite illisible}
0-1

[Event "Championnat de France des Jeunes - Cadettes"]
[Site "LA ROCHE SUR YON"]
[Date ""]
[Round "7.1"]
[White "Le Bail, Clara"]
[Black "Forestier, Carole"]
[Result "1-0"]
[WhiteElo "2012"]
[BlackElo "2037"]
[Annotator ""]

1. d4 d5 2. Nf3 Nf6 3. g3 e6 4. Bg2 Be7 5. c4 O-O 6. O-O dxc4 7. Qc2
c5 8. dxc5 Bxc5 9. Qxc4 Qe7 10. Nc3 Nbd7 11. Na4 Bd6 12. Rd1 e5 13.
Be3 a6 14. Qd3 Bb4 15. Ng5 Rb8 16. a3 Nc5 17. Qc2 Nxa4 18. axb4 b5 19.
b3 Nb6 20. Bc5 Qc7 21. Rd6 h6 22. Rxf6 hxg5 23. Rc6 Qd8 24. Bxf8 Qxf8
25. Qc5 Nd7 26. Qxf8+ Kxf8 27. Rac1 Bb7 28. Rc7 Bxg2 29. Kxg2 Nb6 30.
Kf3 Nd5 31. Rc8+ Rxc8 32. Rxc8+ Ke7 33. Ke4 Kd6 34. Rd8+ Ke6 35. Rxd5
f5+ 36. Kd3 Kxd5 37. f3 e4+ 38. Ke3 exf3 39. exf3 Ke5 40. f4+ gxf4+
41. gxf4+ Kd5 42. Kd3 Ke6 43. Kd4 Kd6 44. h3 g6 45. h4 Ke6 46. Kc5 Ke7
47. Kb6 Kd6 48. Kxa6 Kc6 49. Ka5 Kd5 50. Kxb5 Ke4 51. Kc5 Kxf4 52. b5
1-0

[Event "Championnat de France des Jeunes - Cadet"]
[Site "LA ROCHE SUR YON"]
[Date "????.??.??"]
[Round "7.2"]
[White "Richard, Emma"]
[Black "Cheype, Marie"]
[Result "1-0"]
[WhiteElo "1985"]
[BlackElo "1809"]
[PlyCount "113"]

1. e4 c5 2. Nc3 Nc6 3. Bb5 e6 4. Bxc6 bxc6 5. d3 d5 6. f4 Bd6 7. Nf3 Ne7 8. O-O
Ba6 9. Nd2 Qb8 10. g3 h5 11. Qf3 h4 12. Ne2 hxg3 13. Nxg3 Kd7 14. c4 Rh4 15. e5
Bc7 16. Nb3 Bb6 17. Rd1 Qh8 18. Qf2 Nf5 19. Nxf5 exf5 20. a4 Qh5 21. Rd2 Bb7
22. a5 Bd8 23. Nxc5+ Kc7 24. Nxb7 Kxb7 25. a6+ Kc8 26. cxd5 Bb6 27. d4 cxd5 28.
Rc2+ Kd7 29. Be3 Rh8 30. Rf1 Rh3 31. Qg2 Qg4 32. Qxg4 fxg4 33. Re2 g3 34. hxg3
Rh1+ 35. Kf2 R8h2+ 36. Ke1 Ba5+ 37. Bd2 Bxd2+ 38. Kxd2 Rxe2+ 39. Kxe2 Rh3 40.
Kf3 Kc6 41. Rc1+ Kb6 42. Kg2 Rh8 43. Rc5 Rd8 44. Kf3 g6 45. b4 Rd7 46. b5 Rd8
47. Ke3 Ka5 48. Rc7 Kxb5 49. Rxa7 Rf8 50. Rd7 Kxa6 51. Rxd5 Kb6 52. Rc5 Ra8 53.
Rc3 Rh8 54. d5 Rh3 55. Kd4 Rh1 56. e6 fxe6 57. dxe6 1-0

[Event "Championnat de France des Jeunes - Cadet"]
[Site "LA ROCHE SUR YON"]
[Date "????.??.??"]
[Round "7.3"]
[White "Genzling, Sylvie"]
[Black "Armas, Lara-Maria"]
[Result "0-1"]
[WhiteElo "1955"]
[BlackElo "1891"]
[PlyCount "106"]

1. e4 c5 2. Nf3 d6 3. d4 cxd4 4. Nxd4 Nf6 5. Nc3 a6 6. Be2 e5 7. Nb3 Be7 8. O-O
b5 9. a3 Bb7 10. Bd3 d5 11. Qe2 dxe4 12. Nxe4 O-O 13. Nxf6+ Bxf6 14. Nc5 Bc6
15. Rd1 Qc7 16. Ne4 Be7 17. Ng3 Nd7 18. Re1 Rfe8 19. Nf5 Bf8 20. Qg4 Kh8 21.
Bg5 Nc5 22. Rad1 Bd7 23. Qf3 Qc6 24. Qxc6 Bxc6 25. b4 Nxd3 26. Rxd3 f6 27. Bh4
Rad8 28. f3 Rxd3 29. cxd3 Bd7 30. Ng3 g5 31. Ne4 gxh4 32. Nxf6 Re7 33. d4 Bg7
34. Nxd7 Rxd7 35. dxe5 Kg8 36. e6 Re7 37. Re2 Bd4+ 38. Kf1 Kg7 39. f4 Kf6 40.
Rd2 Be3 41. Rd3 Bxf4 42. Rf3 Ke5 43. g3 hxg3 44. hxg3 Bc1 45. Rc3 Bb2 46. Re3+
Kf6 47. Rb3 Be5 48. a4 Rxe6 49. axb5 axb5 50. Kg2 Rc6 51. Rf3+ Kg6 52. Re3 Bf6
53. Kf3 Rc4 0-1

[Event "Championnat de France des Jeunes - Cadet"]
[Site "LA ROCHE SUR YON"]
[Date "????.??.??"]
[Round "7.4"]
[White "Peyre, Camille"]
[Black "Brih, Touatia"]
[Result "0-1"]
[WhiteElo "1831"]
[BlackElo "1956"]
[PlyCount "72"]

1. d4 d5 2. c4 e6 3. cxd5 exd5 4. Nc3 Nf6 5. Bg5 c6 6. Nf3 Bd6 7. e3 O-O 8. Qc2
Re8 9. Bd3 h6 10. Bh4 b6 11. O-O Bg4 12. Bg3 Bxf3 13. gxf3 Nh5 14. a3 Nxg3 15.
hxg3 Qf6 16. Kg2 Nd7 17. Rac1 g6 18. Qa4 b5 19. Qc2 Kg7 20. Ne2 Rac8 21. e4 Qd8
22. Qd2 a6 23. Rh1 Rh8 24. e5 Be7 25. b4 Nb6 26. f4 Nc4 27. Bxc4 dxc4 28. g4
Qd5+ 29. f3 c5 30. Rcd1 Rcd8 31. Kg3 h5 32. f5 h4+ 33. Kf2 f6 34. Qf4 g5 35.
Qe3 cxb4 36. axb4 Bxb4 0-1

[Event "Championnat de France des Jeunes - Cadet"]
[Site "LA ROCHE SUR YON"]
[Date "????.??.??"]
[Round "7.5"]
[White "Rodange, Barbara"]
[Black "Perrusset, Barbara"]
[Result "0-1"]
[WhiteElo "1726"]
[BlackElo "1876"]
[PlyCount "118"]

1. Nf3 d5 2. c4 e6 3. g3 Nf6 4. Bg2 Be7 5. O-O O-O 6. d3 b6 7. Na3 Bb7 8. Nc2
c5 9. Rb1 Qc7 10. Bf4 Bd6 11. Bxd6 Qxd6 12. a3 Nbd7 13. b4 Qc7 14. Qd2 Rfd8 15.
Ne3 d4 16. Nc2 e5 17. a4 e4 18. Nh4 Ne5 19. bxc5 bxc5 20. Qf4 Bc6 21. Ra1 Rac8
22. dxe4 Nxc4 23. Qxc7 Rxc7 24. f3 Rb7 25. Rfc1 Na5 26. Rcb1 Rdb8 27. Rxb7 Rxb7
28. Ne1 c4 29. Nf5 Nb3 30. Rd1 Rd7 31. Bh3 Bxa4 32. Nc2 d3 33. exd3 Rxd3 34.
Nce3 Rxd1+ 35. Nxd1 Nd2 36. Nc3 Bc2 37. Kf2 Ne8 38. Ke2 Nb3 39. Bf1 Bd3+ 40.
Ke1 Bxf1 41. Kxf1 g6 42. Ne3 Na5 43. Ke2 Kf8 44. Kd2 f6 45. Nb5 a6 46. Na3 Nd6
47. Kc3 Ke7 48. Naxc4 Ndxc4 49. Nxc4 Nxc4 50. Kxc4 Kd6 51. Kb4 Ke5 52. Ka5 Kd4
53. Kxa6 Ke3 54. Kb6 Kxf3 55. Kc5 Kxe4 56. Kd6 f5 57. Ke6 Kf3 58. h4 Kxg3 59.
h5 f4 0-1

[Event "Championnat de France des Jeunes - Minimes"]
[Site "LA ROCHE SUR YON"]
[Date ""]
[Round "7.1"]
[White "Samoun, Florent"]
[Black "Buscara, Sevan"]
[Result "1/2-1/2"]
[WhiteElo "1987"]
[BlackElo "2146"]
[Annotator ""]

1. e4 d5 2. exd5 Qxd5 3. Nc3 Qa5 4. d4 Nf6 5. Be2 Bf5 6. Nf3 c6 7. O-O
e6 8. Ne5 Bd6 9. Nc4 Qc7 10. Nxd6+ Qxd6 11. Bf3 Na6 12. Be3 O-O 13.
Qe2 Nb4 14. Rac1 Rac8 15. Rfe1 h6 16. a3 Nbd5 17. Nxd5 cxd5 18. c4 b6
19. cxd5 exd5 20. Qa6 Qb8 21. h3 Rfe8 22. Rxc8 Rxc8 23. Rc1 Rxc1+ 24.
Bxc1 Qc7 25. Be3 Kh7 26. Qb5 Qb7 27. Qb4 Be4 28. Bxe4+ Nxe4 29. Qb5
Nd6 30. Qd3+ g6 31. Qd2 Nf5 32. Qc3 Qd7 33. Bf4 Qe6 34. Be5 f6 35.
Qc7+ Ng7 36. Bg3 Qe4 37. Bd6 Qxd4 38. Bf8 f5 39. Qxa7 Qxb2 40. Bxg7
Qxg7 41. Qxb6 d4 42. Qb3 Qe7 43. Qd1 Qd7 44. a4 d3 45. a5 Qd6 46. Qd2
Kg7 47. f4 Kf6 48. Kf2 Qd4+ 49. Kf3 g5 50. fxg5+ hxg5 51. a6 Qd5+ 52.
Kf2 Qc5+ 53. Kf1 Qa3 54. a7 Qa1+ 55. Qe1 Qxa7 56. Qc3+ Kg6 57. Qxd3
Qa1+ 58. Kf2 Qb2+ 59. Qe2 Qd4+ 60. Qe3 Qd6 61. Qb3 Qf4+ 62. Qf3 Qh4+
63. Ke2 Qc4+ 64. Qd3 Qc6 65. Kf2 Qc5+ 66. Qe3 Qc2+ 67. Qe2 Qc6 68. Qd3
Qb6+ 69. Qe3 Qb2+ 70. Qe2 Qb6+ 71. Qe3 Qd6 72. Qe8+ Kf6 73. Qh8+ Kg6
74. Qd8 Qxd8 75. Ke1 g4 76. hxg4 1/2-1/2